Missing Letter from Capital Name A-Z #1 - Statistics

General Stats
  • This quiz has been taken 101 times
  • The average score is 21 of 26
Answer Stats
Capital Letter Full Name % Correct
Asterdam M Amsterdam
100%
Otawa T Ottawa
100%
Belgrad E Belgrade
99%
Toko Y Tokyo
99%
La Pa Z La Paz
97%
Pais R Paris
96%
Kinsasa H Kinshasa
93%
Mscow O Moscow
93%
Sana' A Sana'a
88%
Mins K Minsk
84%
Airo C Cairo
83%
Abua J Abuja
82%
Bcharest U Bucharest
82%
Luembourg X Luxembourg
82%
Ljubjana L Ljubljana
79%
Brailia S Brasilia
79%
Slamabad I Islamabad
76%
Uito Q Quito
72%
Lilonge W Lilongwe
72%
Mabane B Mbabane
67%
Ashabat G Ashgabat
67%
Tehra N Tehran
67%
Antananario V Antananarivo
59%
Marid D Madrid
55%
Funauti F Funafuti
55%
Raia P Praia
41%
No matching quizzes found
Score Distribution
Percent of People with Each Score
Percentile by Number Answered
Your Score History
You have not taken this quiz